000
00306nam a22001337a 4500
008
181019b xxu||||| |||| 00| 0 eng d
020
_a
9781412950299
041
_a
eng
080
_2
3rd
_a
371
100
_a
46
101
_a
EDU
245
_a
Developmental Research Methods
_c
Miller,S.A
942
_2
udc
_c
BK
999
_c
50197
_d
50197